000 00365nam a2200157Ia 4500
100 _aDemyanyuk/F.S.
490 _v1
942 _cBK
654 _atechnological
245 _aTechonlogical Principles of How line Automated Production
260 _bPergamon press
_aNONE
_c1963
082 _a658.5
_bDEM
300 _a522
546 _aENGLISH
999 _c30437
_d30437